| 000 | 00499nam a2200121Ia 4500 | ||
|---|---|---|---|
| 008 | 171212s9999 xx 000 0 und d | ||
| 020 | _a9780833030351 | ||
| 100 | _aSchwabe, William;Davis, Lois M.;Jackson, Brian A. | ||
| 245 |
_cSchwabe, William;Davis, Lois M.;Jackson, Brian A. _aChallenges and Choices for Crime-Fighting Technology Federal Support of State and Local Law Enforcement |
||
| 260 |
_bRAND Corporation _c2001 |
||
| 650 | _aTechnology | ||
| 856 | _uwww.jstor.org/stable/10.7249/mr1349ostp | ||
| 999 |
_c351838 _d351838 |
||